Postavenie Nemecka v Európskej únii bakalárska práca

Saved in:
Bibliographic Details
Main Author: Šumec, Tomáš
Corporate Author: Fakulta medzinárodných vzťahov EU. Katedra medzinárodných ekonomických vzťahov a hospodárskej diplomacie
Other Authors: Dolná, Ľudmila, 1976-
Format: Book
Language:Slovak
Published: Bratislava 2017
Tags: Add Tag
No Tags, Be the first to tag this record!

MARC

LEADER 00000nbm a2200000 4500
001 0232056
005 20180221152935.5
041 0 |a slo 
044 |a SK 
245 1 0 |a Postavenie Nemecka v Európskej únii  |b bakalárska práca  |c Tomáš Šumec ; školiteľ: Ľudmila Dolná 
264 1 |a Bratislava  |c 2017 
300 |a 65 s. 
100 1 |a Šumec, Tomáš 
700 1 |a Dolná, Ľudmila, 1976- 
710 2 |a Fakulta medzinárodných vzťahov EU. Katedra medzinárodných ekonomických vzťahov a hospodárskej diplomacie